00544 2200205 4500001002100000005001500021035002000036245003800056250002000094300003000114264004400144336002900188337002000217338002700237082001000264084001600274020002200290600001700312990000900329INLIS00000000000210820260115082154 a0010-01260000371 aMy Stupid Boss 2 The Movie /cUpi aCetakan Pertama a148 hlm :bilust ;c21 cm aJakarta :bPT Falcon Interactive,c2019 2rdacontentaSeni (komik) 2rdamediaaFisik 2rdacarrieraHard Cover a741.5 a741.5 UPI m a978-602-6714-48-0 4aSeni (komik) a6361